=LDR 00000nam 2200000 4500 =001 INLIS000000000029032 =005 20130612131309 =008 ***********************************Ind** =035 ##$$0010-061300000029032 =041 ##$$a Ind =082 ##$$a F.Rom.K =090 ##$$a F.Rom.K, War d =100 ##$$a Wardhana, Eka =245 ##$$a Dongeng Sebelum Tidur, Sahabat kecil dari Al-Fushshilat dan tiga cerita lainnya, Eka Wardhana =260 ##$$a 1999 $b Bandung =300 ##$$a 38 hlm, ilus, 25 cm =650 ##$$a Fiksi Kanak-kanak =850 ##$$a NBPNMAT